| 000 | 00693cam a2200253 i 4500 | ||
|---|---|---|---|
| 999 |
_c10051 _d10051 |
||
| 001 | 10051 | ||
| 003 | BD-JhCC | ||
| 005 | 20180404193258.0 | ||
| 008 | 180404s1973 enka 000 0 eng | ||
| 020 |
_a0851395597 : _c£4.00 |
||
| 035 | _a(BD-JhCC)10051 | ||
| 040 |
_aDLC _cDLC _dDLC _dBD-JhCC |
||
| 041 | _aeng | ||
| 050 | 0 | 0 |
_aSB473 _b.G29 1973 |
| 082 | 0 | 0 |
_a712/.6 _bGAR 1973 |
| 100 | 1 |
_aGarland, Madge, _d1896-1990. |
|
| 245 | 1 | 4 |
_aThe small garden in the city / _c[by] Madge Garland. |
| 260 |
_aLondon : _bArchitectural Press, _c1973. |
||
| 300 |
_a136 p. : _bill. ; _c24 cm. |
||
| 650 | 0 | _aLandscape gardening. | |
| 650 | 0 |
_aGardens _xHistory. |
|
| 942 |
_2ddc _cREF |
||